Optimization
Salvato in:
| Autore principale: | |
|---|---|
| Natura: | Libro |
| Lingua: | inglese |
| Pubblicazione: |
Nueva York
Springer
2004
|
| Serie: | Springer Texts in Statistics
|
| Soggetti: | |
| Tags: |
Aggiungi Tag
Nessun Tag, puoi essere il primo ad aggiungerne!!
|
MARC
| LEADER | 00000nam a2200000 a 4500 | ||
|---|---|---|---|
| 001 | UCK5643 | ||
| 003 | CL-VaPUC | ||
| 008 | 050805e20040000US |||||||||||||||||eng|d | ||
| 020 | |a 038720332X | ||
| 082 | 0 | 4 | |a 519.3 |b LAN |2 21 |
| 100 | |a Lange, Kenneth |e author |9 600527 | ||
| 245 | 1 | 0 | |a Optimization |
| 300 | |a 252 p | ||
| 942 | |c BK | ||
| 945 | |d 20050805 00:00:00 |a jcarroza | ||
| 260 | |a Nueva York |b Springer |c 2004 | ||
| 650 | 0 | |a Optimización matemática |9 259780 | |
| 650 | 0 | |a Matemáticas aplicadas |9 342401 | |
| 650 | 0 | |a Optimización |9 339671 | |
| 583 | |a last modification |c 20050805 00:00:00 |k Rodrigo Vera | ||
| 490 | 0 | |a Springer Texts in Statistics | |
| 999 | |c 314139 |d 314137 | ||
| 952 | |0 0 |1 0 |4 0 |6 519_300000000000000_LAN_2004 |7 0 |8 A |9 386080 |a BIBGIM |b BIBGIM |d 2019-11-22 |i 4151933 |l 1 |o 519.3 LAN 2004 |p 4151933 |r 2025-01-15 |s 2023-07-18 |w 2019-11-22 |y BK |k EST | ||